书目信息 |
| 题名: |
怎样装好室内动力电路
|
|
| 作者: | 周萃初 编 | |
| 分册: | ||
| 出版信息: | 上海 上海科学技术出版社 1983 |
|
| 页数: | 100页 | |
| 开本: | 19cm | |
| 丛书名: | ||
| 单 册: | ||
| 中图分类: | TM727.4 , TM72 | |
| 科图分类: | ||
| 主题词: | 配电系统, 室内 , 输电技术 , 配电系统--技术 | |
| 电子资源: | ||
| ISBN: | ||
| 000 | 00752nam0 2200277 45 | |
| 001 | 0183000039 | |
| 005 | 20050420144952.7 | |
| 010 | @dCNY0.28 | |
| 091 | @b15119.2153 | |
| 100 | @a19950629d1983 em y0chiy0121 ea | |
| 101 | 0 | @achi |
| 102 | @aCN@b310000 | |
| 105 | @ay z 000yy | |
| 106 | @ar | |
| 200 | 10 | @a怎样装好室内动力电路@Azen yang zhuang hao shi nei dong li dian lu@f周萃初编 |
| 210 | @a上海@c上海科学技术出版社@d1983 | |
| 215 | @a100页@d19cm | |
| 606 | @a配电系统, 室内 | |
| 606 | 0 | @a输电技术 |
| 606 | 0 | @a配电系统@x技术 |
| 690 | @aTM727.4@v3 | |
| 690 | @aTM72@v3 | |
| 701 | 0 | @a周萃初@Azhou cui chu@4编 |
| 801 | 0 | @aCN@b上海图书馆@c20040521 |
| 801 | 2 | @aCN@bNLC@c20040521 |
| 905 | @f1@b10149@f1@b10155@f1@b10151@dTM72@e7 | |
| 怎样装好室内动力电路/周萃初编.-上海:上海科学技术出版社,1983 |
| 100页;19cm |
| ISBN :CNY0.28 |
| ● |
| 相关链接 |
|
|
|
|
正题名:怎样装好室内动力电路
索取号:TM72/7
 
预约/预借
| 序号 | 登录号 | 条形码 | 馆藏地/架位号 | 状态 | 备注 |
| 1 | 0010149 | 001345832 | 第三借阅区/ [索取号:TM72/7] | 在馆 | |
| 2 | 0010151 | 001345841 | 第三借阅区/ [索取号:TM72/7] | 在馆 | |
| 3 | 0010155 | 001345823 | 第二样本阅览室/ [索取号:TM72/7] | 在馆 |